000 00399nam a2200145Ia 4500
008 220214s9999 xx 000 0 und d
022 _a0003-2719
245 0 _aANALYTICAL LETTERS
260 _bMarcel Dekker, Madison Avenue, New York
_aUSA
310 _aM
500 _aEnding Volume & Year: 20, 1987
500 _aMissing Volume: 14
500 _aStarting Volume & Year: A11, 1978
942 _cBJ
999 _c17289
_d17289